Métodos estadísticos para la investigación en la agricultura
Sparad:
| Huvudupphovsmän: | , |
|---|---|
| Materialtyp: | Bok |
| Språk: | spanska |
| Publicerad: |
Ciudad de México
Trillas
1989
|
| Upplaga: | Segunda edición |
| Ämnen: | |
| Taggar: |
Lägg till en tagg
Inga taggar, Lägg till första taggen!
|
MARC
| LEADER | 00000nam a2200000 a 4500 | ||
|---|---|---|---|
| 001 | UCK2714 | ||
| 003 | CL-VaPUC | ||
| 005 | 20210831074555.0 | ||
| 008 | 050318e19890000MX |||||||||||||||||spa|d | ||
| 999 | |c 312176 |d 312174 | ||
| 020 | |a 968243629X | ||
| 040 | |c Pontificia Universidad Católica de Valparaíso | ||
| 082 | 0 | 4 | |a 630.0727 |b LIT |2 21 |
| 100 | |a Little, Thomas M. |e autor |9 596123 | ||
| 245 | 1 | 0 | |a Métodos estadísticos para la investigación en la agricultura |
| 250 | |a Segunda edición | ||
| 260 | |a Ciudad de México |b Trillas |c 1989 | ||
| 300 | |a 270 p | ||
| 583 | |a last modification |c 20050318 00:00:00 |k Rodrigo Vera | ||
| 650 | 0 | |a Agricultura |9 255598 | |
| 650 | 0 | |a Métodos estadísticos |9 259407 | |
| 650 | 0 | |a Investigación científica |9 259857 | |
| 700 | 0 | |a Hills, F. Jackson |e author |9 490673 | |
| 942 | |c BK |2 ddc | ||
| 945 | |d 20050318 00:00:00 |a cmena | ||